Wards of Islington, London - Statistics

General Stats
  • This quiz has been taken 32 times
  • The average score is 8 of 16
Answer Stats
Answer % Correct
Finsbury Park
77%
Holloway
77%
Caledonian
69%
Canonbury
69%
Barnsbury
65%
Tollington
58%
Clerkenwell
54%
Highbury East
42%
Junction
42%
Mildmay
42%
Highbury West
38%
Hillrise
35%
St George's
35%
St Mary's
35%
St Peter's
27%
Bunhill
4%
No matching quizzes found
Score Distribution
Percent of People with Each Score
Percentile by Number Answered
Your Score History
You have not taken this quiz